[Event "Maikop Adygea op"]
[Site "Maikop"]
[Date "2023.01.31"]
[Round "5"]
[White "Meshalkin, Yuri Y"]
[Black "Tletseri, Julietta"]
[Result "0-1"]
[WhiteElo "2044"]
[BlackElo "1651"]
[PlyCount "84"]
[EventDate "2023.01.28"]
[EventType "swiss"]
[EventRounds "9"]
[EventCountry "RUS"]
[SourceTitle "CBM 213 Extra"]
[Source "ChessBase"]
[SourceDate "2023.05.31"]
[SourceVersion "1"]
[SourceVersionDate "2023.05.31"]
[SourceQuality "1"]

1. d4 Nf6 2. Nf3 g6 3. c4 Bg7 4. g3 0-0 5. Bg2 d6 6. 0-0 Nc6 7. Nc3 Rb8 8. d5 Na5 9. Nd2 Ng4 10. Qc2 c5 11. a3 Ne5 12. b3 a6 13. Rb1 Bd7 14. h3 g5 15. f4 gxf4 16. gxf4 Ng6 17. b4 cxb4 18. axb4 Nxc4 19. Nxc4 Rc8 20. Qd3 b5 21. f5 Rxc4 22. Ne4 Nh4 23. f6 exf6 24. Nxd6 Qb6+ 25. Be3 Qxd6 26. Bc5 Rxc5 27. bxc5 Qxc5+ 28. Kh1 Nxg2 29. Kxg2 Kh8 30. Rf3 a5 31. Rg1 b4 32. Kh1 Bb5 33. Qf5 Bxe2 34. Rfg3 Bc4 35. Kh2 Qxd5 36. Qf4 b3 37. Qh4 Rg8 38. Rg4 Qe5+ 39. R1g3 b2 40. Re4 Qxg3+ 41. Kxg3 b1Q 42. Rxc4 Bh6+ 0-1

[Event "Maikop Adygea op"]
[Site "Maikop"]
[Date "2023.01.29"]
[Round "1"]
[White "Tletseri, Julietta"]
[Black "Baranov, Grigory"]
[Result "1-0"]
[WhiteElo "1651"]
[BlackElo "2308"]
[PlyCount "133"]
[EventDate "2023.01.28"]
[EventType "swiss"]
[EventRounds "9"]
[EventCountry "RUS"]
[SourceTitle "CBM 213 Extra"]
[Source "ChessBase"]
[SourceDate "2023.05.31"]
[SourceVersion "1"]
[SourceVersionDate "2023.05.31"]
[SourceQuality "1"]

1. e4 c5 2. Nf3 d6 3. d4 cxd4 4. Nxd4 Nf6 5. Nc3 a6 6. Bd3 e5 7. Nf5 d5 8. Nxd5 Bxf5 9. Nxf6+ Qxf6 10. exf5 Nc6 11. Qf3 0-0-0 12. c3 g6 13. 0-0 Bc5 14. b4 Ba7 15. a4 Ne7 16. a5 gxf5 17. b5 Rd6 18. bxa6 e4 19. axb7+ Kb8 20. Bxe4 fxe4 21. Qxf6 Rxf6 22. a6 Ng6 23. Be3 Rd8 24. Bg5 Rdd6 25. Bxf6 Rxf6 26. Rfd1 Kc7 27. Rd4 Ne5 28. Rxe4 Rxf2 29. Kh1 Nc6 30. Re8 Kb6 31. Rh8 Nb8 32. Rxh7 Rf6 33. g4 Nxa6 34. g5 Rg6 35. Rxf7 Rxg5 36. Rf6+ Kxb7 37. Rfxa6 Bb6 38. R6a4 Kc6 39. Rh4 Bc5 40. c4 Kd6 41. Rd1+ Kc6 42. h3 Rg3 43. Kh2 Rc3 44. Rh6+ Kc7 45. Rf1 Bd6+ 46. Rxd6 Kxd6 47. Rf4 Ke5 48. Rg4 Kf5 49. Kg2 Rd3 50. Rg8 Rc3 51. Rc8 Kf4 52. c5 Rc2+ 53. Kf1 Ke5 54. Kg1 Kd5 55. h4 Rc4 56. Rh8 Rg4+ 57. Kf2 Kxc5 58. Kf3 Ra4 59. h5 Kc6 60. h6 Kb7 61. Kg3 Ra6 62. Kg4 Rc6 63. Rh7+ Kb6 64. Rh8 Rc4+ 65. Kf5 Rc5+ 66. Ke4 Rc6 67. h7 1-0

[Event "Adygea rapid op"]
[Site "Maikop"]
[Date "2019.05.03"]
[Round "8"]
[White "Udovichenko, Nikolai"]
[Black "Tletseri, Julietta"]
[Result "1-0"]
[WhiteElo "2174"]
[BlackElo "1818"]
[PlyCount "67"]
[EventDate "2019.05.02"]
[EventType "swiss (rapid)"]
[EventRounds "9"]
[EventCountry "RUS"]
[SourceTitle "CBM 190 Extra"]
[Source "ChessBase"]
[SourceDate "2019.07.15"]
[SourceVersion "1"]
[SourceVersionDate "2019.07.15"]
[SourceQuality "1"]

1. c4 Nf6 2. g3 g6 3. Bg2 Bg7 4. e3 0-0 5. d4 d6 6. Ne2 e5 7. Nbc3 c6 8. 0-0 Nbd7 9. b3 Ng4 10. Ba3 exd4 11. Nxd4 Ndf6 12. h3 Nh6 13. Rc1 Ne8 14. g4 Rb8 15. f4 a6 16. Nde2 b5 17. cxb5 axb5 18. b4 Qb6 19. Qd2 Bb7 20. Kh1 Ra8 21. Bb2 c5 22. Nd5 Bxd5 23. Bxd5 Bxb2 24. Qxb2 cxb4 25. Bxa8 Qxe3 26. Rf3 Qe7 27. Qd2 Nf6 28. Re3 Qd8 29. Bg2 Nfxg4 30. hxg4 Nxg4 31. Rg3 Qh4+ 32. Bh3 Nf2+ 33. Kg2 Ne4 34. Qe3 1-0

[Event "Adygea rapid op"]
[Site "Maikop"]
[Date "2019.05.02"]
[Round "5"]
[White "Tletseri, Julietta"]
[Black "Dezhurko, Arkadi"]
[Result "1-0"]
[WhiteElo "1818"]
[BlackElo "2159"]
[PlyCount "75"]
[EventDate "2019.05.02"]
[EventType "swiss (rapid)"]
[EventRounds "9"]
[EventCountry "RUS"]
[SourceTitle "CBM 190 Extra"]
[Source "ChessBase"]
[SourceDate "2019.07.15"]
[SourceVersion "1"]
[SourceVersionDate "2019.07.15"]
[SourceQuality "1"]

1. e4 e5 2. Nf3 Nc6 3. d3 Nf6 4. Be2 d5 5. Nbd2 Bc5 6. 0-0 0-0 7. c3 a6 8. Qc2 Bg4 9. h3 Bh5 10. Re1 Bg6 11. b4 Ba7 12. Bb2 Nh5 13. a3 Nf4 14. Bf1 f5 15. exd5 Qxd5 16. c4 Qd8 17. c5 e4 18. dxe4 fxe4 19. Qc3 Nh5 20. Nxe4 Nf6 21. Neg5 Qc8 22. Bd3 Bf5 23. Bxf5 Qxf5 24. Qc4+ Qd5 25. Qh4 h6 26. Bxf6 Rxf6 27. Ne4 Re6 28. Rad1 Qf5 29. Ng3 Qf7 30. Rxe6 Qxe6 31. Re1 Qb3 32. Nf5 Qf7 33. Ne7+ Nxe7 34. Rxe7 Qg6 35. Ne5 Qb1+ 36. Kh2 Rf8 37. Qg4 g5 38. Qe6+ 1-0

[Event "YFO-ch (Women)"]
[Site "Nebug"]
[Date "2016.03.12"]
[Round "8"]
[White "Gelman, Inna"]
[Black "Tletseri, Julietta"]
[Result "1-0"]
[WhiteElo "1668"]
[BlackElo "1648"]
[PlyCount "95"]
[EventDate "2016.03.05"]
[EventType "swiss"]
[EventRounds "9"]
[EventCountry "RUS"]
[SourceTitle "CBM 171 Extra"]
[Source "ChessBase"]
[SourceDate "2016.04.26"]
[SourceVersion "1"]
[SourceVersionDate "2016.04.26"]
[SourceQuality "1"]

1. d4 Nf6 2. Nf3 g6 3. c4 Bg7 4. Nc3 0-0 5. e4 d6 6. Be2 e5 7. d5 h6 8. h3 Na6 9. Be3 Bd7 10. a3 Nh7 11. Qd2 g5 12. g4 Re8 13. Nh2 Nf8 14. h4 gxh4 15. Bxh6 Ng6 16. b4 Qf6 17. Bg5 Bh6 18. Bxf6 Bxd2+ 19. Kxd2 Nb8 20. Nf1 c6 21. Ne3 a6 22. Nf5 Bxf5 23. gxf5 Nd7 24. Bxh4 Nxh4 25. Rxh4 Nf6 26. Rg1+ Kf8 27. Rh8+ Ke7 28. Rxe8+ Rxe8 29. a4 Ra8 30. f4 exf4 31. Rf1 Nd7 32. Rxf4 Nf6 33. dxc6 bxc6 34. b5 axb5 35. cxb5 cxb5 36. Bxb5 Rh8 37. Rf2 Rh4 38. a5 Rh8 39. Nd5+ Nxd5 40. exd5 Rc8 41. f6+ Kd8 42. Bc6 Rb8 43. Rf4 Rb2+ 44. Kc3 Re2 45. a6 Kc7 46. a7 Ra2 47. a8Q Rxa8 48. Bxa8 1-0

[Event "YFO-ch (Women)"]
[Site "Nebug"]
[Date "2016.03.11"]
[Round "7"]
[White "Tletseri, Julietta"]
[Black "Maltsevskaya, Anna"]
[Result "1-0"]
[WhiteElo "1648"]
[BlackElo "1291"]
[PlyCount "63"]
[EventDate "2016.03.05"]
[EventType "swiss"]
[EventRounds "9"]
[EventCountry "RUS"]
[SourceTitle "CBM 171 Extra"]
[Source "ChessBase"]
[SourceDate "2016.04.26"]
[SourceVersion "1"]
[SourceVersionDate "2016.04.26"]
[SourceQuality "1"]

1. e4 e5 2. d4 exd4 3. Bc4 Bb4+ 4. c3 dxc3 5. bxc3 Bc5 6. Nf3 d6 7. Bg5 f6 8. Bh4 Ne7 9. 0-0 Bg4 10. Qb3 Nbc6 11. Qxb7 Na5 12. Qb5+ c6 13. Qa4 Bxf3 14. gxf3 g5 15. Bg3 h5 16. h3 Bb6 17. Rd1 Nc8 18. Be6 Bc7 19. Qd4 Ke7 20. Bf5 Nb6 21. Na3 c5 22. Qd3 Na4 23. Rab1 Nb6 24. Nb5 Nb7 25. Nxc7 Qxc7 26. Qc2 Nc4 27. Qd3 Ne5 28. Qd5 Rab8 29. Qe6+ Kf8 30. Qxf6+ Nf7 31. Rxb7 Rxb7 32. Bxd6+ 1-0

[Event "YFO-ch (Women)"]
[Site "Nebug"]
[Date "2016.03.09"]
[Round "5"]
[White "Tletseri, Marziet"]
[Black "Tletseri, Julietta"]
[Result "1-0"]
[WhiteElo "1936"]
[BlackElo "1648"]
[PlyCount "103"]
[EventDate "2016.03.05"]
[EventType "swiss"]
[EventRounds "9"]
[EventCountry "RUS"]
[SourceTitle "CBM 171 Extra"]
[Source "ChessBase"]
[SourceDate "2016.04.26"]
[SourceVersion "1"]
[SourceVersionDate "2016.04.26"]
[SourceQuality "1"]

1. e4 c6 2. d4 d5 3. e5 Bf5 4. Be3 e6 5. f4 Nd7 6. Nf3 Ne7 7. c3 Ng6 8. Nbd2 Be7 9. g3 0-0 10. h3 Nb6 11. g4 Be4 12. Nxe4 dxe4 13. Ng5 h6 14. Nxe4 f6 15. exf6 Bxf6 16. Qd2 Qe7 17. g5 hxg5 18. fxg5 Bxg5 19. Bxg5 Qf7 20. 0-0-0 e5 21. Kb1 exd4 22. Qxd4 Ne7 23. Bxe7 Qxe7 24. Bc4+ Nxc4 25. Qxc4+ Kh8 26. Rhg1 Rae8 27. Ng5 Rf6 28. Rg4 Ref8 29. Rh4+ Rh6 30. Rxh6+ gxh6 31. Ne4 Rg8 32. Qd4+ Rg7 33. Qd8+ Qxd8 34. Rxd8+ Kh7 35. Kc2 a6 36. Nc5 Kg6 37. Kd3 Kh5 38. Ne6 Rg3+ 39. Ke4 Kh4 40. Nf4 Rg7 41. Rh8 Re7+ 42. Kf5 Rf7+ 43. Ke5 Re7+ 44. Kf6 Re4 45. Rxh6+ Kg3 46. Nd3 b5 47. Kf5 Re2 48. Rxc6 a5 49. Rc5 b4 50. cxb4 axb4 51. Rb5 b3 52. Rxb3 1-0

[Event "YFO-ch (Women)"]
[Site "Nebug"]
[Date "2016.03.08"]
[Round "4"]
[White "Tletseri, Julietta"]
[Black "Dashina, Sofiia"]
[Result "1/2-1/2"]
[WhiteElo "1648"]
[BlackElo "1535"]
[PlyCount "50"]
[EventDate "2016.03.05"]
[EventType "swiss"]
[EventRounds "9"]
[EventCountry "RUS"]
[SourceTitle "CBM 171 Extra"]
[Source "ChessBase"]
[SourceDate "2016.04.26"]
[SourceVersion "1"]
[SourceVersionDate "2016.04.26"]
[SourceQuality "1"]

1. e4 e5 2. d4 exd4 3. Bc4 Nc6 4. Nf3 Bc5 5. Ng5 Nh6 6. Nxf7 Nxf7 7. Bxf7+ Kxf7 8. Qh5+ g6 9. Qxc5 d6 10. Qb5 Re8 11. 0-0 Rxe4 12. Bg5 Qe8 13. Nd2 Re5 14. Qb3+ Be6 15. Qxb7 Qb8 16. Qxc6 Rxg5 17. Nb3 Qc8 18. f4 Rd5 19. Rad1 Rb8 20. Rxd4 Rxd4 21. Nxd4 Rxb2 22. Nxe6 Qxe6 23. Qxc7+ Qe7 24. Qc4+ Qe6 25. Qc7+ Qe7 1/2-1/2

[Event "YFO-ch (Women)"]
[Site "Nebug"]
[Date "2016.03.07"]
[Round "3"]
[White "Melenchuk, Olga"]
[Black "Tletseri, Julietta"]
[Result "1/2-1/2"]
[WhiteElo "1330"]
[BlackElo "1648"]
[PlyCount "78"]
[EventDate "2016.03.05"]
[EventType "swiss"]
[EventRounds "9"]
[EventCountry "RUS"]
[SourceTitle "CBM 171 Extra"]
[Source "ChessBase"]
[SourceDate "2016.04.26"]
[SourceVersion "1"]
[SourceVersionDate "2016.04.26"]
[SourceQuality "1"]

1. Nf3 Nf6 2. c4 g6 3. Nc3 Bg7 4. e4 d6 5. d4 0-0 6. Be2 e5 7. 0-0 Nc6 8. dxe5 dxe5 9. Bg5 Be6 10. Nd5 Re8 11. Rc1 Bxd5 12. cxd5 Nb8 13. Qc2 c6 14. Rfd1 Qb6 15. Bxf6 Bxf6 16. b3 cxd5 17. Rxd5 Nc6 18. a3 Rad8 19. Rb5 Qc7 20. Rd5 Qe7 21. b4 Rxd5 22. exd5 Nd4 23. Nxd4 exd4 24. Bd3 Qe5 25. Qc4 Rd8 26. Qc7 Qxd5 27. Bc4 Qd7 28. Qxd7 Rxd7 29. Bb5 Re7 30. g3 a6 31. Ba4 b5 32. Bb3 Rd7 33. Rc6 Bg5 34. f4 Be7 35. Rxa6 Rc7 36. Kf2 Rc3 37. Bd1 Re3 38. Ra5 Kg7 39. Ra6 Kg8 1/2-1/2